000 00477cam a2200169ua 4500
041 _aeng
_h
082 _a822
_bHOL/OU
100 _aHolzknchet, Karl J .
245 _aOutlines of Tudor and Stuart plays 1497-1642 /
_cKarl J Holzknchet.
_hTextual Documents
260 _aNew York :
_bBarnes & Noble ,
_c1959.
300 _a440 ; .
440 0 _aCollege Outline Series,
_v
_x;
490 0 _aCollege Outline Series,
_v
_x;
504 _a
942 _cBK
999 _c5880
_d5880